| 000 -LEADER | |
|---|---|
| fixed length control field | 00365nam a22001457a 4500 |
| 005 - DATE AND TIME OF LATEST TRANSACTION | |
| control field | 20171205161159.0 |
| 008 - FIXED-LENGTH DATA ELEMENTS--GENERAL INFORMATION | |
| fixed length control field | 171205b xxu||||| |||| 00| 0 eng d |
| 041 ## - LANGUAGE CODE | |
| Language code of text/sound track or separate title | eng |
| 082 ## - DEWEY DECIMAL CLASSIFICATION NUMBER | |
| Classification number | 622.6 |
| 100 ## - MAIN ENTRY--AUTHOR NAME | |
| Personal name | CHAKRABHARTI, DR.P.K. |
| 245 ## - TITLE STATEMENT | |
| Title | MINE PUMPS FOR UNDER GROUND DRANAGE |
| Statement of responsibility, etc | DR.P.K.CHAKRABHARTI |
| 260 ## - PUBLICATION, DISTRIBUTION, ETC. (IMPRINT) | |
| Place of publication | RANCHI |
| Name of publisher | CMPDI |
| 300 ## - PHYSICAL DESCRIPTION | |
| Number of Pages | 176p. |
| 942 ## - ADDED ENTRY ELEMENTS (KOHA) | |
| Koha item type | Books |
| Lost status | Damaged status | Collection code | Home library | Current library | Shelving location | Date acquired | Source of acquisition | Cost, normal purchase price | Full call number | Accession Number | Koha item type |
|---|---|---|---|---|---|---|---|---|---|---|---|
| MINING | JRU Library | JRU Library | SHELF-94-E | 05/12/2017 | PURCHESS | 150.00 | 622.6 | 22264 | Books | ||
| MINING | JRU Library | JRU Library | SHELF-94-E | 05/12/2017 | PURCHESS | 150.00 | 622.6 | 22265 | Books | ||
| MINING | JRU Library | JRU Library | SHELF-94-E | 05/12/2017 | PURCHESS | 150.00 | 622.6 | 22266 | Books | ||
| MINING | JRU Library | JRU Library | SHELF-94-E | 05/12/2017 | PURCHESS | 150.00 | 622.6 | 22267 | Books | ||
| MINING | JRU Library | JRU Library | SHELF-94-E | 05/12/2017 | PURCHESS | 150.00 | 622.6 | 22268 | Books |